| 000 | 00436nam a2200133Ia 4500 | ||
|---|---|---|---|
| 008 | 230907s9999||||xx |||||||||||||| ||und|| | ||
| 082 |
_a515.35 _bZIL |
||
| 100 |
_aZill, Dennis G., _91266 |
||
| 245 | 0 | _aDifferential equations with boundary-value problems / | |
| 260 |
_aBrooks/Cole, Cengage Learning, _bBoston, MA : _c2013 |
||
| 300 | _axv, P-28, 549, APP-23, ANS-32, I-11 p. : | ||
| 650 |
_aTextbooks. Textbooks. _9115440 |
||
| 942 | _cBK | ||
| 999 |
_c600710 _d600710 |
||